<?xml version="1.0" encoding="UTF-8"?>
<collection xmlns="http://www.loc.gov/MARC21/slim">
  <record>
    <leader>00000nam  2200000   4500</leader>
    <controlfield tag="001">INLIS000000000020259</controlfield>
    <controlfield tag="005">20250602021559</controlfield>
    <datafield tag="035" ind1="#" ind2="#">
      <subfield code="a">0010-0625000001</subfield>
    </datafield>
    <controlfield tag="007">ta</controlfield>
    <controlfield tag="008">250602################g##########0#eng##</controlfield>
    <datafield tag="020" ind1="#" ind2="#">
      <subfield code="a">0 8039 3128 X</subfield>
    </datafield>
    <datafield tag="082" ind1="#" ind2="#">
      <subfield code="a">379.154</subfield>
    </datafield>
    <datafield tag="084" ind1="#" ind2="#">
      <subfield code="a">379.154 GIB h</subfield>
    </datafield>
    <datafield tag="100" ind1=" " ind2="#">
      <subfield code="a">Gibbon, Carol Taylor Fitz</subfield>
    </datafield>
    <datafield tag="245" ind1="1" ind2="#">
      <subfield code="a">How to Design a Program Evaluation /</subfield>
      <subfield code="c">Carol Taylor Fitz-Gibbon, Lynn Lyons Morris</subfield>
    </datafield>
    <datafield tag="250" ind1="#" ind2="#">
      <subfield code="a">Cetakan ke 2</subfield>
    </datafield>
    <datafield tag="260" ind1="#" ind2="#">
      <subfield code="a">California :</subfield>
      <subfield code="b">SAGE Publications,</subfield>
      <subfield code="c">1988</subfield>
    </datafield>
    <datafield tag="300" ind1="#" ind2="#">
      <subfield code="a">167 halaman :</subfield>
      <subfield code="b">ilus ;</subfield>
      <subfield code="c">21,5 cm</subfield>
    </datafield>
    <datafield tag="650" ind1="#" ind2="4">
      <subfield code="a">Pendidikan</subfield>
    </datafield>
    <datafield tag="700" ind1=" " ind2="#">
      <subfield code="a">Lynn Lyons Morris</subfield>
    </datafield>
    <datafield tag="520" ind1="#" ind2="#">
      <subfield code="a">The PROGRAM EVALUATION KIT, Second Edition, contains nine books written to guide and assist practitioners in planning and managing evaluations. This new edition is extensively revised to reflect current evaluation concerns and practice. As always the KIT is designed to answer the hundreds of conceivable questions that a practicing evaluator might ask. Its practical, field-tested step-by-step guides all offer detailed advice, clear definitions, and useful procedures explained in non-technical language. Each of the KIT's books can be used independently, and all have proven valuable to practitioners with varying levels of experience. They have served, as well, as basic texts for evaluation methods courses.</subfield>
    </datafield>
    <datafield tag="990" ind1="#" ind2="#">
      <subfield code="a">1987</subfield>
    </datafield>
  </record>
</collection>
